Central Library OPAC University of Rajshahi

Elementary particles / (Record no. 9903)

MARC details
000 -LEADER
fixed length control field 00764cam a2200253I 4500
001 - CONTROL NUMBER
control field 9903
003 - CONTROL NUMBER IDENTIFIER
rucl marc code BD-RjUL
005 - DATE AND TIME OF LATEST TRANSACTION
control field 20211208234848.0
008 - FIXED-LENGTH DATA ELEMENTS--GENERAL INFORMATION
fixed length control field 140122s1963 ilua b 00000 eng
035 ## - SYSTEM CONTROL NUMBER
System control number (BD-RjUL)9948
040 ## - CATALOGING SOURCE
Original cataloging agency DLC
Transcribing agency WSU
Modifying agency OCL
-- BOS
-- BD-RjUL
Language of cataloging eng
041 ## - LANGUAGE CODE
Language code of text/sound track or separate title eng
082 ## - DEWEY DECIMAL CLASSIFICATION NUMBER
Classification number 539.721
Author mark and year LEE 1963
Edition number 23
090 ## - LOCALLY ASSIGNED LC-TYPE CALL NUMBER (OCLC); LOCAL CALL NUMBER (OCLC)
Classification number (OCLC) (R) ; Classification number, CALL (RLIN) (NR) QC721
Local cutter number (OCLC) ; Book number/undivided call number, CALL (RLIN) .F634
100 1# - MAIN ENTRY--PERSONAL NAME
Personal name Levi-Setti, Riccardo.
9 (RLIN) 30586
245 10 - TITLE STATEMENT
Title Elementary particles /
Statement of responsibility, etc. Riccardo Levi-Setti
260 ## - PUBLICATION, DISTRIBUTION, ETC. (IMPRINT)
Place of publication, distribution, etc. Chicago :
Name of publisher, distributor, etc. University of Chicago Press ,
Date of publication, distribution, etc. c1963
300 ## - PHYSICAL DESCRIPTION
Pagination vi, 173 p. :
Illustrations ill. ;
Size 20 cm.
490 1# - SERIES STATEMENT
Series statement Chicago lectures in physics.
504 ## - BIBLIOGRAPHY, ETC. NOTE
Bibliography, etc Includes bibliographies.
650 #0 - SUBJECT ADDED ENTRY--TOPICAL TERM
Topical term or geographic name as entry element Particles (Nuclear physics)
9 (RLIN) 30587
830 #0 - SERIES ADDED ENTRY--UNIFORM TITLE
Uniform title Chicago lectures in physics.
942 ## - ADDED ENTRY ELEMENTS (KOHA)
Source of classification or shelving scheme Dewey Decimal Classification
Koha item type Books
Holdings
Lost status Source of classification or shelving scheme Damaged status Not for loan Collection code Permanent Location Current Location Shelving location Date acquired Source of acquisition Cost, normal purchase price Total Checkouts Full call number Date last seen Copy number Koha item type
  Dewey Decimal Classification     Non-fiction Central Library, University of Rajshahi Central Library, University of Rajshahi   10/12/1970 Sweet + Zeithlinger 18.00   539.721 LEE 1963 22/01/2014 C-2 Books
  Dewey Decimal Classification     Non-fiction Central Library, University of Rajshahi Central Library, University of Rajshahi   10/12/1970 Swets & zeitlinger 18.00   539.721 LEE 1963 10/11/2016 C-3 Books
  Dewey Decimal Classification   Not For Loan Non-fiction Central Library, University of Rajshahi Central Library, University of Rajshahi Reading Room 10/12/1976 Sweets & Zeitlinger 181.00   539.721 LEE 1963 01/04/2017 C-1 Books
  Dewey Decimal Classification     Non-fiction Central Library, University of Rajshahi Central Library, University of Rajshahi   10/12/1970 Swets and Zeitlinger 18.00   539.721 LEE 1966 11/05/2017 C-4 Books
  Dewey Decimal Classification     Non-fiction Central Library, University of Rajshahi Central Library, University of Rajshahi   10/12/1970 Swets and Zeitlinger 18.00   539.721 LEE 1966 11/05/2017 C-5 Books
  Dewey Decimal Classification     Non-fiction Central Library, University of Rajshahi Central Library, University of Rajshahi   10/12/1970 Swets and Zeitlinger 18.00   539.721 LEE 1966 11/05/2017 C-6 Books
  Dewey Decimal Classification     Non-fiction Central Library, University of Rajshahi Central Library, University of Rajshahi   10/12/1970 Sweets and Zeitlinger 18.00   539.721 LEE 1963 24/05/2017 C-7 Books
  Dewey Decimal Classification     Non-fiction Central Library, University of Rajshahi Central Library, University of Rajshahi   10/12/1970 Sweets and Zeitlinger 18.00   539.721 LEE 1963 24/05/2017 C-8 Books